A pszichológia fejlődése a vidéki Magyarországon a kezdetektől a rendszerváltás utáni évekig

Elmentve itt :
Bibliográfiai részletek
További közreműködők: Szokolszky Ágnes
Dokumentumtípus: Könyv
Megjelent: JATE Press Szeged 2021
Kulcsszavak:Pszichológia - tanulmányok, Pszichológiatörténet - tanulmányok, Pszichológia, Pszichológia tanítása - egyetem - tanulmányok, Egyetemtörténet - tanulmányok
Tárgyszavak:
doi:10.14232/pfvm

Online Access:http://acta.bibl.u-szeged.hu/72216
LEADER 00927nam a2200217 i 4500
001 acta72216
005 20240530102639.0
008 210226s2021 hu o 000 hun d
020 |a 978-963-315-472-4 
024 7 |a 10.14232/pfvm  |2 doi 
040 |a SZTE Egyetemi Kiadványok Repozitórium  |b hun 
041 |a hun 
245 0 2 |a A pszichológia fejlődése a vidéki Magyarországon   |h [elektronikus dokumentum] :  |b a kezdetektől a rendszerváltás utáni évekig 
260 |a JATE Press  |b Szeged  |c 2021 
300 |a 231  |c 24 cm 
650 4 |a Társadalomtudományok 
650 4 |a Pszichológia 
650 4 |a Oktatástudomány 
695 |a Pszichológia - tanulmányok, Pszichológiatörténet - tanulmányok, Pszichológia, Pszichológia tanítása - egyetem - tanulmányok, Egyetemtörténet - tanulmányok 
700 0 1 |a Szokolszky Ágnes 
856 4 0 |u http://acta.bibl.u-szeged.hu/72216/1/pszichologia_fejlodese_2021.pdf  |z Dokumentum-elérés